00394nam a2200145Ia 4500003000400000005001700004008004100021040000900062082002100071100002100092245007200113260004300185300000900228650001100237OSt20201224133218.0190216s9999||||xx |||||||||||||| ||und|| coclc a297.12203bMAN/Q aManham, Abdullah 0aQuran Shabdha Kosham = A Dictionary Of The Quran /cAbdullah Manham bAl Huda Book Stall,c2011.aKozhikode: a165p aArabic